[Event "Politiken Cup"]
[Site "Helsingor DEN"]
[Date "2009.07.18"]
[Round "1"]
[White "Berkemer,R"]
[Black "Aabling Thomsen,J"]
[Result "1-0"]
[WhiteElo "1925"]
[BlackElo "2344"]
[EventDate "2009.07.18"]

1. d4 Nf6 2. Nf3 g6 3. g3 Bg7 4. c4 O-O 5. b3 c5 6. Bb2 cxd4 7. Qxd4 Nc6 8.
Qh4 Nb4 9. Nd4 Qa5 10. Bc3 Nfd5 11. cxd5 Bxd4 12. Qxd4 Nc2+ 13. Kd2 Nxd4
14. Bxa5 b6 15. Bb4 Bb7 16. e4 f5 17. Bg2 fxe4 18. Bxe4 Rxf2+ 19. Ke3 Re2+
20. Kxd4 e5+ 21. Kxe5 Re8+ 22. Kd6 R2xe4 23. Ba3 Rd4 24. Nc3 Re6+ 25. Kxd7
Rf6 26. Rhf1 Rxf1 27. Rxf1 Bxd5 28. Rd1 Rxd1 29. Nxd1 Kf7 30. Ne3 Be4 31.
Bd6 b5 32. a4 bxa4 33. bxa4 1-0

[Event "Politiken Cup"]
[Site "Helsingor DEN"]
[Date "2009.07.18"]
[Round "1"]
[White "Larsen,Ka"]
[Black "Nisbet,A2"]
[Result "1-0"]
[WhiteElo "2337"]
[BlackElo "1982"]
[EventDate "2009.07.18"]

1. e4 c6 2. d4 d5 3. e5 e6 4. Nf3 c5 5. c3 Nc6 6. Bd3 cxd4 7. cxd4 Bb4+ 8.
Nc3 Nge7 9. O-O h6 10. Be3 O-O 11. a3 Ba5 12. Rc1 f6 13. exf6 Rxf6 14. b4
Bc7 15. b5 Na5 16. Ne5 Nf5 17. Ne2 Bd7 18. Ng3 Nxe3 19. fxe3 Bxe5 20. dxe5
Rxf1+ 21. Qxf1 Qb6 22. Qf4 Rf8 23. Qd4 Qxd4 24. exd4 Nc4 25. Bxc4 dxc4 26.
a4 Rc8 27. Ne4 Rc7 28. Kf2 a6 29. Nd6 axb5 30. axb5 b6 31. Rxc4 Rxc4 32.
Nxc4 Bxb5 33. Nxb6 Bc6 34. g3 g5 35. Ke3 Kg7 36. d5 exd5 37. Kd4 h5 38.
Nxd5 h4 39. Kc5 Ba4 40. Kd6 hxg3 41. hxg3 Kg6 42. Ne3 Kg7 43. Ke7 1-0

[Event "Politiken Cup"]
[Site "Helsingor DEN"]
[Date "2009.07.18"]
[Round "1"]
[White "Andersen,Dag"]
[Black "Andersen,Mad"]
[Result "0-1"]
[WhiteElo "1926"]
[BlackElo "2336"]
[EventDate "2009.07.18"]

1. d4 Nf6 2. Nf3 g6 3. Bg5 Bg7 4. e3 O-O 5. Nbd2 d6 6. Bd3 Nbd7 7. O-O h6
8. Bh4 e5 9. c3 Qe8 10. e4 Nh5 11. dxe5 dxe5 12. Bg3 Nb6 13. Qe2 Bg4 14. h3
Nxg3 15. fxg3 Bd7 16. Rf2 Qe7 17. Raf1 Na4 18. Nb3 Nc5 19. Nxc5 Qxc5 20.
Nd2 Be6 21. Bc4 Rae8 22. Kh2 Qb6 23. Bxe6 Rxe6 24. Nc4 Qa6 25. b3 Qc6 26.
Qc2 Qc5 27. Rd1 c6 28. Rf3 h5 29. Qd3 Bf6 30. Qf1 Qe7 31. Rfd3 h4 32. g4 b5
33. Ne3 Bg5 34. Qe2 a5 35. Nc2 Rf6 36. Ne1 Qc5 37. Nf3 Bf4+ 38. Kh1 Bg3 39.
R1d2 Re8 40. g5 Rfe6 41. Qd1 Kg7 42. Re2 Rh8 43. Rc2 Bf4 44. c4 b4 45. Re2
Rh5 46. Rd8 Bxg5 47. Nxg5 Rxg5 48. Qd2 Rf6 49. Re3 Rg3 50. Rdd3 Rxe3 51.
Rxe3 Rf1+ 52. Kh2 Qd4 53. Qe2 Qa1 0-1

[Event "Politiken Cup"]
[Site "Helsingor DEN"]
[Date "2009.07.18"]
[Round "1"]
[White "Brauner,J"]
[Black "Burmeister,R"]
[Result "0-1"]
[WhiteElo "1919"]
[BlackElo "2333"]
[EventDate "2009.07.18"]

1. c4 e6 2. Nc3 d5 3. cxd5 exd5 4. d4 f5 5. Bf4 c6 6. e3 Nf6 7. Bd3 Bd6 8.
Nge2 O-O 9. O-O a5 10. Qc2 Ne4 11. Bxd6 Nxd6 12. Nf4 g5 13. Nfe2 b5 14. Ng3
Ra7 15. Nge2 Re7 16. Qb3 Kh8 17. Rfc1 f4 18. exf4 gxf4 19. f3 Rg7 20. Rc2
Nc4 21. Nd1 Qe7 22. Nec3 Nd2 0-1

[Event "Politiken Cup"]
[Site "Helsingor DEN"]
[Date "2009.07.18"]
[Round "1"]
[White "Carstensen,J"]
[Black "Nielsen,Pr1"]
[Result "1-0"]
[WhiteElo "2330"]
[BlackElo "1929"]
[EventDate "2009.07.18"]

1. d4 d5 2. c4 c6 3. Nf3 Nf6 4. e3 e6 5. Bd3 Bd6 6. O-O Nbd7 7. Nbd2 O-O 8.
e4 dxe4 9. Nxe4 Nxe4 10. Bxe4 f5 11. Bc2 e5 12. c5 Bc7 13. Bb3+ Kh8 14. Ng5
Qe7 15. Nxh7 g6 16. Nxf8 Nxf8 17. dxe5 Qxe5 18. g3 Ne6 19. Re1 Qf6 20. Qe2
Bd7 21. Bxe6 Re8 22. Bxd7 Rxe2 23. Rxe2 Be5 24. Rb1 Kg8 25. Bd2 Bd4 26. Bc3
1-0

[Event "Politiken Cup"]
[Site "Helsingor DEN"]
[Date "2009.07.18"]
[Round "1"]
[White "Matthiesen,A"]
[Black "Brorsen,J"]
[Result "1-0"]
[WhiteElo "2324"]
[BlackElo "1911"]
[EventDate "2009.07.18"]

1. Nf3 g6 2. d4 Bg7 3. e4 d6 4. Be2 Nf6 5. Nc3 O-O 6. O-O c6 7. a4 Qc7 8.
h3 e5 9. a5 exd4 10. Nxd4 Re8 11. Bf3 Nbd7 12. Re1 Nc5 13. Bf4 Ncd7 14. Bg3
Ne5 15. Be2 Ned7 16. Nb3 Nxe4 17. Bf3 Nef6 18. Qxd6 Qxd6 19. Bxd6 Nf8 20.
a6 Rd8 21. Be7 1-0

[Event "Politiken Cup"]
[Site "Helsingor DEN"]
[Date "2009.07.18"]
[Round "1"]
[White "Jacobsen,S"]
[Black "Petersen,To1"]
[Result "0-1"]
[WhiteElo "1906"]
[BlackElo "2310"]
[EventDate "2009.07.18"]

1. Nf3 g6 2. g3 Bg7 3. Bg2 d6 4. d4 Nf6 5. c4 O-O 6. Nc3 c6 7. O-O Nbd7 8.
e4 e5 9. Bg5 h6 10. Be3 Ng4 11. Qe2 Nxe3 12. fxe3 Qe7 13. Rad1 Re8 14. Rd2
h5 15. Rfd1 Bh6 16. b4 exd4 17. Rxd4 Bg7 18. R4d3 Ne5 19. Nxe5 Bxe5 20. Qe1
Be6 21. Ne2 Bxc4 22. R3d2 a5 23. Rc2 Bxe2 24. Rxe2 axb4 25. Qxb4 b5 26. Rc1
Qb7 27. Rec2 c5 28. Qb3 b4 29. Qd5 Qxd5 30. exd5 Ra3 31. Re1 Bd4 32. Bf1
Raxe3 33. Rxe3 Rxe3 34. Kg2 Kg7 35. Bb5 f5 36. Re2 Rxe2+ 37. Bxe2 Kf6 38.
Kf3 Ke5 39. Bc4 Bg1 40. h3 Kd4 41. Bb3 c4 42. Ba4 Kxd5 43. Be8 g5 44. Bxh5
Ke5 45. Be8 d5 46. Ke2 Bh2 47. g4 f4 48. Ba4 Bg3 49. Bc2 d4 50. Ba4 d3+ 51.
Kf3 0-1

[Event "Politiken Cup"]
[Site "Helsingor DEN"]
[Date "2009.07.18"]
[Round "1"]
[White "Carlstedt,J"]
[Black "Rolvaag,B"]
[Result "1-0"]
[WhiteElo "2309"]
[BlackElo "1906"]
[EventDate "2009.07.18"]

1. c4 e5 2. g3 Nc6 3. Bg2 g6 4. Nc3 Bg7 5. d3 Nge7 6. e3 d6 7. Nge2 Be6 8.
Nd5 O-O 9. O-O Qd7 10. f4 f5 11. Rb1 Rf7 12. b4 Nd8 13. b5 c6 14. bxc6 bxc6
15. Nxe7+ Rxe7 16. Ba3 Bf7 17. Qc2 Qe6 18. e4 fxe4 19. Bxe4 Rd7 20. f5 Qe8
21. fxg6 Bxg6 22. Nc3 Rc8 23. Qg2 Bxe4 24. Nxe4 Qg6 25. Qh3 Rcc7 26. Rb8
Kh8 27. Qh4 Qe8 28. Nxd6 Rxd6 29. Bxd6 Rd7 30. Bc7 1-0

[Event "Politiken Cup"]
[Site "Helsingor DEN"]
[Date "2009.07.18"]
[Round "1"]
[White "Scherwin,C"]
[Black "Bach,Mat"]
[Result "0-1"]
[WhiteElo "1868"]
[BlackElo "2307"]
[EventDate "2009.07.18"]

1. e4 c5 2. Nf3 Nf6 3. Nc3 d6 4. Bc4 e6 5. d3 a6 6. a4 d5 7. Bb3 dxe4 8.
Nxe4 Nxe4 9. dxe4 Qxd1+ 10. Kxd1 Nc6 11. c3 b6 12. Bf4 Bb7 13. Ke2 Na5 14.
Bc2 Nc4 15. Ne5 Nd6 16. f3 g5 17. Bg3 h5 18. h4 Rg8 19. Kf2 f6 20. Nd3 c4
21. Nc1 Nf7 22. hxg5 Bc5+ 23. Kf1 Rd8 24. Ne2 Rd2 25. Rc1 Be3 26. Bf2 Bxg5
27. f4 Bh6 28. Be3 Rxc2 29. Rxc2 Bxe4 30. Rd2 Bxg2+ 31. Kg1 Bf3+ 32. Kh2
Rg2+ 33. Kh3 Rxe2 34. Rxe2 Bxe2 35. Re1 Bg4+ 36. Kh4 Nd6 0-1

[Event "Politiken Cup"]
[Site "Helsingor DEN"]
[Date "2009.07.18"]
[Round "1"]
[White "Bejtovic,J"]
[Black "Nielsen,JeH"]
[Result "1-0"]
[WhiteElo "2307"]
[BlackElo "1902"]
[EventDate "2009.07.18"]

1. e4 Nc6 2. d4 d5 3. Nc3 dxe4 4. d5 Ne5 5. Bf4 Ng6 6. Bg3 f5 7. Bb5+ Bd7
8. Nge2 a6 9. Bc4 Nf6 10. Qd2 Nh5 11. O-O-O Nxg3 12. hxg3 Ne5 13. Bb3 c5
14. dxc6 Nxc6 15. Nf4 h5 16. Qd5 e6 17. Nxe6 Bxe6 18. Qxe6+ Qe7 19. Qg6+
1-0

[Event "Politiken Cup"]
[Site "Helsingor DEN"]
[Date "2009.07.18"]
[Round "1"]
[White "Andersen,Har"]
[Black "Matthiesen,M"]
[Result "0-1"]
[WhiteElo "1901"]
[BlackElo "2305"]
[EventDate "2009.07.18"]

1. e4 c5 2. Nf3 d6 3. d4 cxd4 4. Nxd4 Nf6 5. Nc3 a6 6. a4 Nc6 7. Nxc6 bxc6
8. Bd3 g6 9. a5 Bg7 10. O-O O-O 11. Qe2 Nd7 12. Bd2 Nc5 13. Ra3 Rb8 14. b3
d5 15. Na4 Nxe4 16. Bxe4 dxe4 17. Rd1 Qd6 18. Bc1 Qb4 19. Nb6 Bf5 20. Qxa6
e3 21. Qe2 exf2+ 22. Qxf2 Rbd8 23. Qe1 Qc5+ 24. Kh1 Bg4 25. b4 Qxb4 26. c3
Bxc3 0-1

[Event "Politiken Cup"]
[Site "Helsingor DEN"]
[Date "2009.07.18"]
[Round "1"]
[White "Jacobsen,Bo"]
[Black "Tari,A"]
[Result "1-0"]
[WhiteElo "2303"]
[BlackElo "1901"]
[EventDate "2009.07.18"]

1. c4 Nf6 2. g3 g6 3. Bg2 Bg7 4. Nc3 O-O 5. d4 e6 6. d5 exd5 7. cxd5 d6 8.
Nf3 Re8 9. O-O Bd7 10. Be3 c6 11. dxc6 Bxc6 12. Qd2 d5 13. Rfd1 Nbd7 14.
Rac1 Rc8 15. Nd4 a6 16. b3 Kh8 17. Bh6 Ne5 18. Bxg7+ Kxg7 19. Nxc6 bxc6 20.
Na4 Ned7 21. e3 Ne4 22. Qe2 Qa5 23. Rc2 Nb6 24. Nxb6 Qxb6 25. Bxe4 dxe4 26.
Rc4 Qb5 27. Qc2 f5 28. Rd7+ Kg8 29. Rc5 Qb4 30. Qb2 1-0

[Event "Politiken Cup"]
[Site "Helsingor DEN"]
[Date "2009.07.18"]
[Round "1"]
[White "Jonsson,Ol"]
[Black "Thomassen,J"]
[Result "0-1"]
[WhiteElo "1899"]
[BlackElo "2300"]
[EventDate "2009.07.18"]

1. e4 c5 2. Nf3 d6 3. d4 cxd4 4. Nxd4 Nf6 5. Nc3 a6 6. Bg5 Nbd7 7. f4 b5 8.
Qf3 Bb7 9. Bd3 Qb6 10. Bxf6 Nxf6 11. O-O-O e6 12. Rhe1 Be7 13. Qg3 b4 14.
Nd5 exd5 15. exd5 g6 16. Rxe7+ Kxe7 17. Re1+ Kf8 18. Ne6+ fxe6 19. Bxg6 Rg8
20. dxe6 Ke7 21. f5 Rac8 22. Qh4 hxg6 23. g4 Qd4 24. Qh6 g5 25. h4 Rxc2+
26. Kxc2 Rc8+ 27. Kb1 Qe4+ 0-1

[Event "Politiken Cup"]
[Site "Helsingor DEN"]
[Date "2009.07.18"]
[Round "1"]
[White "Tsiolakidis,A"]
[Black "Nielsen,KaiG"]
[Result "1-0"]
[WhiteElo "2290"]
[BlackElo "1899"]
[EventDate "2009.07.18"]

1. e4 e6 2. Nf3 Nc6 3. c4 d5 4. cxd5 exd5 5. exd5 Qxd5 6. Nc3 Qd8 7. d4 Bb4
8. d5 Bxc3+ 9. bxc3 Qe7+ 10. Be2 Ne5 11. O-O Nf6 12. Nxe5 Qxe5 13. Bb5+ Kf8
14. Ba3+ Kg8 15. Re1 Qxc3 16. Re3 Qa5 17. Qe2 Bg4 18. Qb2 h5 19. h3 Bf5 20.
Bc4 Re8 21. Be7 Nxd5 22. Bb4 Nxb4 23. Rxe8+ Kh7 24. Re5 1-0

[Event "Politiken Cup"]
[Site "Helsingor DEN"]
[Date "2009.07.18"]
[Round "1"]
[White "Meier,L"]
[Black "Christensen,St"]
[Result "1-0"]
[WhiteElo "1888"]
[BlackElo "2283"]
[EventDate "2009.07.18"]

1. d4 Nf6 2. e3 d5 3. f4 g6 4. Nf3 Bg4 5. Bd3 Bg7 6. O-O O-O 7. c3 c5 8. b3
Qc7 9. Ba3 Ne4 10. Qc2 cxd4 11. cxd4 Qxc2 12. Bxc2 Nc6 13. Bxe4 dxe4 14.
Ne5 Nxe5 15. dxe5 Rfe8 16. Nc3 f6 17. Nd5 fxe5 18. Rac1 Red8 19. Nxe7+ Kh8
20. f5 Bh6 21. Rce1 Bxf5 22. Nxf5 gxf5 23. Rxf5 Rd2 24. Rxe5 Rxa2 25. Bc5
Bg7 26. Rxe4 Rb2 27. b4 Rd8 28. Bxa7 h5 29. Bd4 Bxd4 30. Rxd4 Rxd4 31. exd4
Rxb4 32. Rd1 Kg7 33. Kf2 Rb2+ 34. Kf3 Kf6 35. h3 Ke6 36. g4 hxg4+ 37. hxg4
b5 38. d5+ Kd6 39. g5 Rh2 40. Kg4 b4 41. Rd3 b3 42. Rxb3 Kxd5 43. Re3 Kd6
44. Kf5 Kd7 45. Kf6 Rf2+ 46. Kg7 Rf4 47. g6 Rg4 48. Kf7 Rf4+ 49. Kg8 Rg4
50. g7 Rg1 51. Rh3 1-0

[Event "Politiken Cup"]
[Site "Helsingor DEN"]
[Date "2009.07.18"]
[Round "1"]
[White "Christensen,Bo"]
[Black "Fyhn,K"]
[Result "1-0"]
[WhiteElo "2277"]
[BlackElo "1884"]
[EventDate "2009.07.18"]

1. e4 e5 2. Nf3 Nc6 3. Bb5 f5 4. d3 Nf6 5. O-O Bc5 6. Bg5 d6 7. Nc3 h6 8.
Bxf6 Qxf6 9. Nd5 Qf7 10. b4 Bb6 11. a4 fxe4 12. dxe4 a6 13. Bxc6+ bxc6 14.
Nxb6 cxb6 15. Qxd6 Qf6 16. Qxe5+ Be6 17. Rfd1 O-O 18. Rd6 Rae8 19. Qxf6
Rxf6 20. Rxc6 1-0

[Event "Politiken Cup"]
[Site "Helsingor DEN"]
[Date "2009.07.18"]
[Round "1"]
[White "Hoel,J"]
[Black "Agrest,S"]
[Result "0-1"]
[WhiteElo "1879"]
[BlackElo "2260"]
[EventDate "2009.07.18"]

1. c4 f5 2. g3 Nf6 3. Bg2 g6 4. Nc3 Bg7 5. d3 d6 6. e4 Nc6 7. Nge2 O-O 8.
O-O e5 9. h3 Kh8 10. Be3 Be6 11. b3 Qc8 12. Kh2 Nh5 13. Qd2 f4 14. gxf4
exf4 15. Nxf4 Nxf4 16. Bxf4 Rxf4 17. Kh1 Rh4 18. Qg5 Rh5 19. Qd2 Bxh3 20.
f3 Bd4 0-1

[Event "Politiken Cup"]
[Site "Helsingor DEN"]
[Date "2009.07.18"]
[Round "1"]
[White "Skovgaard,Pe2"]
[Black "Nielsen,Pa"]
[Result "1-0"]
[WhiteElo "2258"]
[BlackElo "1877"]
[EventDate "2009.07.18"]

1. e4 e5 2. Nf3 Nc6 3. Bb5 d6 4. d4 exd4 5. Qxd4 a6 6. Bxc6+ bxc6 7. Bg5
Ne7 8. O-O h6 9. Bh4 Be6 10. Nc3 Qd7 11. Rad1 Ng6 12. Bg3 Bg4 13. e5 d5 14.
Na4 Bxf3 15. gxf3 Qe7 16. c4 Rd8 17. cxd5 cxd5 18. Nc3 c6 19. Rfe1 Qc5 20.
Qd3 Qb6 21. e6 Ne7 22. exf7+ Kxf7 23. Qe2 c5 24. Qe5 d4 25. Na4 Qf6 26.
Qxf6+ gxf6 27. Nxc5 h5 28. Ne6 Rd5 29. Rxd4 Rxd4 30. Nxd4 Nd5 31. h4 Rg8
32. Kf1 Nb4 33. a3 Nd3 34. Re2 Bh6 35. Rc2 Re8 36. Nf5 Bf8 37. Rd2 Re1+ 38.
Kg2 Ne5 39. Bxe5 Rxe5 40. Ng3 Kg6 41. f4 Rb5 42. f5+ Kh6 43. Rd8 Bg7 44.
Ra8 a5 45. Ra6 Rd5 46. Kf3 Rc5 47. Rb6 a4 48. Rb4 Ra5 49. Rb6 Rc5 50. Kf4
Rc4+ 51. Ne4 Kh7 52. Kf3 Rd4 53. Ra6 Rd3+ 54. Kg2 Rd4 55. Nxf6+ Bxf6 56.
Rxf6 1-0

[Event "Politiken Cup"]
[Site "Helsingor DEN"]
[Date "2009.07.18"]
[Round "1"]
[White "Schmidt,Ho DEN"]
[Black "Hess,C1"]
[Result "1/2-1/2"]
[WhiteElo "1875"]
[BlackElo "2257"]
[EventDate "2009.07.18"]

1. d4 d5 2. Nf3 Nf6 3. e3 g6 4. Be2 Bg7 5. O-O O-O 6. Nbd2 Nbd7 7. c4 c5 8.
cxd5 Nxd5 9. Qb3 N5f6 10. Rd1 Qc7 11. Qc2 b6 12. b4 Bb7 13. bxc5 bxc5 14.
Ba3 Rac8 15. Rac1 Qa5 16. Bxc5 Nxc5 17. dxc5 Rc7 18. Nd4 Rfc8 19. N2b3 Qb4
20. Nb5 Be4 21. Qd2 Qxd2 22. Rxd2 Rd7 23. Rxd7 Nxd7 24. Nxa7 Ra8 25. Nb5
Rxa2 26. Kf1 Rb2 27. f3 Bd5 28. N3d4 e5 29. e4 Ba8 30. c6 Nb6 31. c7 Nc8
32. Nc6 Bh6 33. Ne7+ Kg7 34. Ra1 Nxe7 35. Rxa8 Be3 36. Bc4 Rc2 37. c8=Q
Rf2+ 38. Ke1 Nxc8 39. Rxc8 Rxg2 40. h3 Rg3 41. Ke2 Bf4 42. Nd6 Rxh3 43.
Ne8+ Kh6 44. Bxf7 Rh2+ 45. Kf1 Kg5 46. Rc6 Kh4 47. Nf6 Kg3 48. Rc3 Rf2+ 49.
Kg1 Re2 50. Kf1 Rf2+ 51. Kg1 Rg2+ 52. Kf1 Rf2+ 1/2-1/2

[Event "Politiken Cup"]
[Site "Helsingor DEN"]
[Date "2009.07.18"]
[Round "1"]
[White "Angskog,K"]
[Black "Thomsen,P"]
[Result "1-0"]
[WhiteElo "2255"]
[BlackElo "1875"]
[EventDate "2009.07.18"]

1. Nf3 d5 2. c4 c6 3. d4 Nf6 4. Nc3 e6 5. Bg5 Be7 6. e3 O-O 7. Bd3 dxc4 8.
Bxc4 b5 9. Bd3 Bb7 10. Bxf6 Bxf6 11. Qc2 h6 12. Ne4 Nd7 13. O-O Be7 14.
Rfd1 Qb6 15. Rac1 Rac8 16. Nc5 Nxc5 17. dxc5 Qc7 18. a4 a6 19. Rd2 Rcd8 20.
Rcd1 Kh8 21. b4 Bc8 22. axb5 cxb5 23. Nd4 Bb7 24. Be4 Bxe4 25. Qxe4 Rd5 26.
Nf3 Rxd2 27. Rxd2 a5 28. Ne5 Bf6 29. Nd7 Rg8 30. Nxf6 gxf6 31. c6 Rd8 32.
Rxd8+ Qxd8 33. Qd4 1-0

[Event "Politiken Cup"]
[Site "Helsingor DEN"]
[Date "2009.07.18"]
[Round "1"]
[White "Johansen,St"]
[Black "Gajic,Ml"]
[Result "0-1"]
[WhiteElo "1874"]
[BlackElo "2249"]
[EventDate "2009.07.18"]

1. e4 Nf6 2. e5 Nd5 3. c4 Nb6 4. d4 d6 5. exd6 exd6 6. Nf3 Be7 7. Be2 O-O
8. Nc3 Bf6 9. Be3 Bf5 10. O-O Nc6 11. Rc1 d5 12. c5 Nc8 13. Qd2 h6 14. Bf4
N8e7 15. Rfd1 Ng6 16. Be3 Nce7 17. Bd3 Bg4 18. Be2 Nf5 19. h3 Nxe3 20. Qxe3
Re8 21. Qd2 Bxf3 22. Bxf3 Bg5 23. Qd3 Bxc1 24. Rxc1 c6 25. Ne2 Qg5 26. Rd1
Re7 27. g3 Rae8 28. Kh2 f5 29. h4 Qf6 30. h5 Nf8 31. Nf4 g5 32. hxg6 Nxg6
33. Nxg6 Qxg6 34. Kg2 Re1 35. Rxe1 Rxe1 36. Qd2 Re7 37. Qf4 Kg7 38. Qb8 Qf6
39. Qf4 Qg5 40. Qd6 Rf7 41. Qe5+ Kh7 42. Bd1 f4 43. Bc2+ Kg8 44. Qe8+ Kg7
45. Bh7 Rf8 46. Qd7+ Rf7 47. Qe8 fxg3 48. Qg8+ Kf6 49. Qd8+ Re7 50. Qf8+
Ke6 51. Bg8+ Kd7 52. fxg3 Qg6 53. Qb8 Qe4+ 54. Kh3 Qf5+ 55. g4 Re3+ 56. Kg2
Qf3+ 57. Kh2 Qf2+ 58. Kh1 Re1+ 0-1

[Event "Politiken Cup"]
[Site "Helsingor DEN"]
[Date "2009.07.18"]
[Round "1"]
[White "Veng,J"]
[Black "Rasmussen,M1"]
[Result "1/2-1/2"]
[WhiteElo "2243"]
[BlackElo "1870"]
[EventDate "2009.07.18"]

1. e4 c5 2. c3 Nf6 3. e5 Nd5 4. d4 d6 5. Nf3 e6 6. Bc4 Nc6 7. O-O Be7 8.
Nbd2 O-O 9. exd6 Bxd6 10. Ne4 cxd4 11. Nxd6 Qxd6 12. cxd4 h6 13. Re1 b6 14.
Be3 Bb7 15. Qd2 Nxe3 16. fxe3 Rfd8 17. Qf2 Rac8 18. Rac1 Rc7 19. Bb5 Rdc8
20. Bxc6 Rxc6 21. Rxc6 Rxc6 22. Ne5 Rc7 23. b3 Be4 24. Qf4 Bb7 25. Qf2 Be4
26. Qf4 Bb7 27. Qf2 1/2-1/2

[Event "Politiken Cup"]
[Site "Helsingor DEN"]
[Date "2009.07.18"]
[Round "1"]
[White "Palvig,D"]
[Black "Kovachev,D"]
[Result "0-1"]
[WhiteElo "1868"]
[BlackElo "2240"]
[EventDate "2009.07.18"]

1. d4 Nf6 2. Nf3 e6 3. Bg5 h6 4. Bh4 c5 5. e3 cxd4 6. exd4 b6 7. c3 Bb7 8.
Nbd2 Be7 9. Be2 d6 10. Qc2 Nbd7 11. O-O O-O 12. Nc4 Qc7 13. Bg3 Nh5 14. Bh4
Bxh4 15. Nxh4 Nf4 16. Ne3 Nxe2+ 17. Qxe2 Nf6 18. f4 Rfe8 19. a4 a6 20. Qc4
Rac8 21. Qxc7 Rxc7 22. a5 b5 23. Nc2 Nd5 24. g3 b4 25. Nxb4 Nxb4 26. cxb4
Rc4 27. b5 axb5 28. a6 Bd5 29. Ra5 Ra8 30. f5 Rxd4 31. fxe6 fxe6 32. Ng6
Be4 33. Ne7+ Kh7 34. Rfa1 Re8 35. Rxb5 Rxe7 36. a7 Rc7 37. a8=Q Bxa8 38.
Rxa8 Rd2 0-1

[Event "Politiken Cup"]
[Site "Helsingor DEN"]
[Date "2009.07.18"]
[Round "1"]
[White "Lindberg,H"]
[Black "Moller,A"]
[Result "1-0"]
[WhiteElo "2240"]
[BlackElo "1860"]
[EventDate "2009.07.18"]

1. e4 c5 2. Nf3 d6 3. d4 cxd4 4. Nxd4 Nf6 5. Nc3 a6 6. Be2 e6 7. O-O Be7 8.
f4 Nbd7 9. Be3 O-O 10. Bf3 Qc7 11. g4 Rb8 12. g5 Ne8 13. Bg2 b5 14. Kh1 Bb7
15. f5 Nc5 16. Qg4 b4 17. Nd5 exd5 18. exd5 Nf6 19. gxf6 Bxf6 20. Rae1 Nd7
21. Nc6 Bxc6 22. dxc6 Ne5 23. Qe4 Rbd8 24. Qxb4 Rb8 25. Qa4 Rxb2 26. Rb1
Rfb8 27. Rxb2 Rxb2 28. Bd4 Rb8 29. Qxa6 Ng4 30. Qa7 Qc8 31. c7 Rb4 32. Qa8
Qxa8 33. Bxa8 Rc4 34. Bb6 Rxc2 35. Bb7 Nf2+ 36. Rxf2 1-0

[Event "Politiken Cup"]
[Site "Helsingor DEN"]
[Date "2009.07.18"]
[Round "1"]
[White "Solberg,J"]
[Black "Sorensen,JohnK"]
[Result "1-0"]
[WhiteElo "2222"]
[BlackElo "1857"]
[EventDate "2009.07.18"]

1. e4 c6 2. d4 d5 3. exd5 cxd5 4. c4 Nf6 5. Nc3 e6 6. Nf3 Bd6 7. cxd5 exd5
8. Bd3 O-O 9. O-O Nc6 10. h3 Re8 11. Bg5 Be7 12. Re1 Be6 13. a3 a6 14. Rc1
Nd7 15. Bf4 Nf8 16. Bb1 g5 17. Bg3 Ng6 18. Qd3 Bf6 19. Na4 Ra7 20. Nc5 g4
21. Nxe6 fxe6 22. hxg4 Qd7 23. g5 Bg7 24. Rc2 Raa8 25. Rce2 Re7 26. b4 Rae8
27. Ba2 Na7 28. Ne5 Qb5 29. Qd1 Nf8 30. Rc2 Qa4 31. Ng4 Rf7 32. Be5 Qxa3
33. Bxg7 Kxg7 34. Nf6 Rd8 35. Qd2 Nc6 36. Rb1 a5 37. bxa5 Qxa5 38. Qe3 Qa4
39. Rd2 b5 40. Bb3 Qa7 41. Rc1 Qb7 42. Ng4 Kh8 43. Rdc2 Rd6 44. Qg3 Nxd4
45. Qe5+ 1-0

[Event "Politiken Cup"]
[Site "Helsingor DEN"]
[Date "2009.07.18"]
[Round "1"]
[White "Knoth,M"]
[Black "Kvisla,J"]
[Result "0-1"]
[WhiteElo "1856"]
[BlackElo "2222"]
[EventDate "2009.07.18"]

1. c4 e6 2. Nc3 f5 3. e4 fxe4 4. Qh5+ g6 5. Qe5 Nf6 6. Nxe4 Bg7 7. Nf3 d6
8. Nxf6+ Bxf6 9. Qe3 O-O 10. h4 Bg7 11. h5 Qf6 12. hxg6 hxg6 13. Nh4 Nc6
14. Qg3 Nb4 15. Nxg6 Nc2+ 16. Kd1 Nxa1 17. Nxf8 Kxf8 18. Rh4 e5 19. d4 Bf5
20. Bg5 Qg6 21. Be2 Bc2+ 22. Ke1 exd4 23. Bh5 Qe6+ 24. Kf1 Kg8 25. Bh6 Qxh6
26. Bf7+ Kxf7 27. Rxh6 Bxh6 28. Qf3+ Kg7 29. Qg4+ Bg6 30. Qxd4+ Kh7 31. Qd5
Re8 32. Qxb7 Re7 0-1

[Event "Politiken Cup"]
[Site "Helsingor DEN"]
[Date "2009.07.18"]
[Round "1"]
[White "Johansson,Th1"]
[Black "Haubro,M"]
[Result "1/2-1/2"]
[WhiteElo "2208"]
[BlackElo "1855"]
[EventDate "2009.07.18"]

1. e4 e5 2. f4 exf4 3. Bc4 d6 4. d4 Qh4+ 5. Kf1 Bg4 6. Qd3 Qf6 7. Nc3 c6 8.
Nge2 g5 9. h4 h6 10. e5 dxe5 11. Ne4 Qg6 12. hxg5 Bf5 13. N2c3 b5 14. dxe5
bxc4 15. Qd4 Rh7 16. Bxf4 Nd7 17. Re1 Be6 18. gxh6 Nxh6 1/2-1/2

[Event "Politiken Cup"]
[Site "Helsingor DEN"]
[Date "2009.07.18"]
[Round "1"]
[White "Barane,S"]
[Black "Jorgensen,D"]
[Result "0-1"]
[WhiteElo "1854"]
[BlackElo "2207"]
[EventDate "2009.07.18"]

1. e4 c6 2. d4 d5 3. Nc3 dxe4 4. f3 exf3 5. Nxf3 Bg4 6. Bc4 e6 7. O-O Nf6
8. Bg5 Be7 9. Kh1 O-O 10. Qe1 Nbd7 11. h3 Bf5 12. Qh4 h6 13. Bxh6 gxh6 14.
Qxh6 Nd5 15. Nxd5 cxd5 16. Bd3 Bxd3 17. cxd3 Bf6 18. Rae1 Bg7 19. Qh5 Nf6
20. Qh4 Nh7 21. Qh5 Rc8 22. g4 Rc2 23. g5 Rxb2 24. Rg1 Qc7 25. Rg4 Rc8 26.
Rh4 Nf8 27. Ne5 Bxe5 28. dxe5 Qxe5 29. Re2 Rc1+ 30. Kg2 Rxe2+ 31. Kf3 Qe3+
32. Kg4 Rg1+ 0-1

[Event "Politiken Cup"]
[Site "Helsingor DEN"]
[Date "2009.07.18"]
[Round "1"]
[White "Akdag,D"]
[Black "Sjol,H"]
[Result "1-0"]
[WhiteElo "2198"]
[BlackElo "1852"]
[EventDate "2009.07.18"]

1. d4 Nf6 2. c4 e6 3. Nf3 b6 4. g3 Ba6 5. Qc2 c5 6. d5 exd5 7. cxd5 Bb7 8.
Bg2 Be7 9. O-O d6 10. Nc3 O-O 11. Nh4 g6 12. Bh6 Re8 13. h3 Nbd7 14. Rad1
Bf8 15. Bxf8 Nxf8 16. e4 a6 17. a4 N8d7 18. f4 Qc7 19. Kh2 c4 20. Nf3 Qc5
21. e5 Nxd5 22. Nxd5 Bxd5 23. b4 Qc6 24. Nd4 Qb7 25. Bxd5 Qxd5 26. Nf5 Qc6
27. Nxd6 Re6 28. b5 axb5 29. axb5 Qc7 30. Ra1 Rxa1 31. Rxa1 f6 32. Ra8+ Nf8
33. Rc8 Qd7 34. Qxc4 fxe5 35. fxe5 h5 36. Rc7 Qd8 37. Rc8 Qd7 38. Rc7 Qd8
39. Rf7 Qg5 40. Qf4 Qxf4 41. gxf4 g5 42. Kg3 Ng6 43. f5 h4+ 44. Kf2 Rxe5
45. fxg6 Re6 46. Rd7 Rxg6 47. Ne4 Re6 48. Kf3 Re5 49. Rd5 1-0

[Event "Politiken Cup"]
[Site "Helsingor DEN"]
[Date "2009.07.18"]
[Round "1"]
[White "Rasmussen,He2"]
[Black "Nguyen,Mi"]
[Result "0-1"]
[WhiteElo "1845"]
[BlackElo "2196"]
[EventDate "2009.07.18"]

1. Nf3 Nf6 2. c4 e6 3. Nc3 Bb4 4. Qc2 c5 5. a3 Ba5 6. d4 cxd4 7. Nxd4 d5 8.
cxd5 exd5 9. b4 Bb6 10. e3 O-O 11. Bd3 a5 12. b5 Nbd7 13. O-O Ne5 14. Bf5
Nc4 15. Na4 Bc7 16. g3 Be5 17. Nb2 Nd6 18. Bxc8 Rxc8 19. Qd3 Nde4 20. Bd2
Nc5 21. Qc2 Ne6 22. Qd3 Nc5 23. Qc2 Nfe4 24. Be1 Ne6 25. Qd1 Qf6 26. Rc1
Rxc1 27. Qxc1 Bxd4 28. exd4 Nxd4 29. Qb1 Qf3 0-1

[Event "Politiken Cup"]
[Site "Helsingor DEN"]
[Date "2009.07.18"]
[Round "1"]
[White "Rolvag,M"]
[Black "Larsen,Han"]
[Result "1-0"]
[WhiteElo "2196"]
[BlackElo "1844"]
[EventDate "2009.07.18"]

1. c4 e5 2. Nc3 Nc6 3. Nf3 d6 4. d4 exd4 5. Nxd4 Bd7 6. Nc2 Nf6 7. e4 Qe7
8. f3 O-O-O 9. Be2 Nh5 10. Be3 f5 11. Qd2 g6 12. Bg5 Nf6 13. Nd5 Nxd5 14.
exd5 Qxe2+ 15. Kxe2 Re8+ 16. Kd1 Ne5 17. Qd4 Kb8 18. f4 Nf7 19. Bf6 Rg8 20.
Re1 g5 21. Rxe8+ Bxe8 22. fxg5 Nxg5 23. Bxg5 Bh5+ 24. Ke1 Rxg5 25. Qf6 1-0

[Event "Politiken Cup"]
[Site "Helsingor DEN"]
[Date "2009.07.18"]
[Round "1"]
[White "Wimo,J"]
[Black "Tadjerbashi,A"]
[Result "0-1"]
[WhiteElo "1843"]
[BlackElo "2193"]
[EventDate "2009.07.18"]

1. e4 e5 2. Nf3 Nc6 3. Bb5 a6 4. Ba4 Nf6 5. O-O Be7 6. Re1 b5 7. Bb3 O-O 8.
c3 d5 9. d3 Qd6 10. h3 h6 11. Qe2 Re8 12. a4 Be6 13. axb5 axb5 14. Rxa8
Rxa8 15. exd5 Bxd5 16. Bxd5 Nxd5 17. Na3 b4 18. Nb5 Qd7 19. c4 Nf4 20. Qe4
f5 21. Nxe5 fxe4 22. Nxd7 Nxd3 23. Rxe4 Nxc1 24. Ne5 Nxe5 25. Rxe5 Bf6 26.
Re1 Nd3 27. Re2 c6 28. Nd6 Be5 0-1